[Event "Campodarsego op-B 17th"]
[Site "Campodarsego"]
[Date "2006.01.22"]
[Round "5"]
[White "Cusella, Flaviano"]
[Black "Menin, Massimo"]
[Result "1-0"]
[WhiteElo "1464"]
[BlackElo "1523"]
[PlyCount "34"]
[EventDate "2006.01.20"]
[EventType "swiss"]
[EventRounds "5"]
[EventCountry "ITA"]
[SourceTitle "EXT 2011"]
[Source "ChessBase"]
[SourceDate "2010.11.26"]
[SourceVersion "1"]
[SourceVersionDate "2010.11.26"]
[SourceQuality "1"]

1. d4 d5 2. Nf3 Nf6 3. e3 e6 4. Bd3 c5 5. c3 c4 6. Bc2 Nc6 7. Nbd2 Be7 8. e4 Qc7 9. e5 Ng8 10. 0-0 f6 11. Re1 fxe5 12. Nxe5 Nf6 13. Ndf3 0-0 14. Bg5 Nxe5 15. Nxe5 Ne8 16. Qh5 g6 17. Nxg6 Ng7 1-0

[Event "Campodarsego op-B 17th"]
[Site "Campodarsego"]
[Date "2006.01.21"]
[Round "2"]
[White "Rosina, Graziano"]
[Black "Cusella, Flaviano"]
[Result "1-0"]
[WhiteElo "1521"]
[BlackElo "1464"]
[PlyCount "93"]
[EventDate "2006.01.20"]
[EventType "swiss"]
[EventRounds "5"]
[EventCountry "ITA"]
[SourceTitle "EXT 2011"]
[Source "ChessBase"]
[SourceDate "2010.11.26"]
[SourceVersion "1"]
[SourceVersionDate "2010.11.26"]
[SourceQuality "1"]

1. e4 d6 2. d4 Nf6 3. Nc3 g6 4. Bc4 Bg7 5. Nge2 0-0 6. f3 c5 7. Be3 Nc6 8. a3 a6 9. dxc5 dxc5 10. Qxd8 Rxd8 11. Bxc5 b5 12. Bd5 Nxd5 13. exd5 Na5 14. Bxe7 Re8 15. d6 Nc4 16. 0-0-0 Bd7 17. Rd5 Ra7 18. Rc5 Rb8 19. b3 Ne3 20. g4 b4 21. axb4 Rxb4 22. Nd5 Nxd5 23. Rxd5 a5 24. Rc5 Rbb7 25. Kd2 a4 26. bxa4 Rxa4 27. Rc7 Rab4 28. Rxb7 Rxb7 29. Ke3 f5 30. g5 Rb5 31. c4 Rb3+ 32. Kf4 Bc6 33. Rf1 Bb2 34. Kg3 Ba3 35. Nd4 Rb6 36. Nxc6 Rxc6 37. Rd1 Kf7 38. Bf6 Rxd6 39. Rxd6 Bxd6+ 40. f4 Bc5 41. Kf3 Ke6 42. Ke2 Bd6 43. Kf3 Bc5 44. Be5 Kd7 45. Ke2 Bd6 46. Bxd6 Kxd6 47. Kd3 1-0

[Event "Campodarsego op-B 16th"]
[Site "Campodarsego"]
[Date "2005.01.22"]
[Round "2"]
[White "Cusella, Flaviano"]
[Black "Menin, Massimo"]
[Result "0-1"]
[WhiteElo "1452"]
[BlackElo "1538"]
[PlyCount "91"]
[EventDate "2005.01.21"]
[EventType "swiss"]
[EventRounds "5"]
[EventCountry "ITA"]
[SourceTitle "EXT 2024"]
[Source "ChessBase"]
[SourceDate "2023.10.10"]
[SourceVersion "1"]
[SourceVersionDate "2023.10.10"]
[SourceQuality "1"]

1. e4 c5 2. Nf3 d6 3. g3 Nf6 4. d3 e6 5. Bg2 Nc6 6. Nbd2 Be7 7. 0-0 0-0 8. c3 b5 9. Re1 Bb7 10. Nf1 a5 11. h4 b4 12. d4 Na7 13. e5 Nd7 14. Bh3 dxe5 15. Bg5 Bxf3 16. Bxe7 Qxe7 17. Qxf3 exd4 18. cxd4 cxd4 19. Qe4 Nf6 20. Qxd4 Rfd8 21. Qf4 Rd6 22. g4 Rad8 23. h5 Nd5 24. Qg3 Qg5 25. Nh2 Qf4 26. Qf3 Qxf3 27. Nxf3 Nf4 28. Bg2 Nc6 29. Ne5 Nxg2 30. Nxc6 Rxc6 31. Kxg2 Rc2 32. b3 h6 33. Rec1 Rdd2 34. Rxc2 Rxc2 35. Kf3 g6 36. Ke3 f5 37. hxg6 fxg4 38. Kf4 Rxf2+ 39. Kxg4 Kg7 40. Kg3 Rb2 41. Re1 Rxa2 42. Rxe6 Rb2 43. Ra6 Rxb3+ 44. Kg4 Ra3 45. Kf5 Rf3+ 46. Ke6 0-1